| 000 | 009130000a22002050004500 | ||
|---|---|---|---|
| 020 | _a84-293-1455-5 | ||
| 041 | 0 | _aSPA | |
| 082 | 0 | 4 | _aG 271.97 T316e |
| 100 | 1 | _aTeresa de Calcuta (1910-) | |
| 245 | 1 | 0 | _aEscritos esenciales : Madre Teresa de Calcuta / Teresa de Calcuta; Jean Maalouf, Editor |
| 260 | _aSantander : Sal Terrae | ||
| 300 | _a190 Pag | ||
| 440 | 0 | _aColección El Pozo de Siquem, Nº 140 | |
| 505 | 0 | 0 | _a- La llamada de Dios - El Cristo de la vida - Centralidad de la oración - Silencio - Contemplación en la acción - La revolución del amor - Toda obra de amor es una obra de paz - El amor empieza en el hogar - Santa comunión - ¿Qué es la pobreza? - El arte de la felicidad - En busca de la santidad - El secreto del éxito cristiano |
| 001 | 12415 | ||
| 942 | _cBK | ||
| 999 |
_c41440 _d41440 |
||
| 336 |
_atexto _btxt _2rdacontent |
||
| 337 |
_2rdamedia _asin mediación _bn |
||
| 338 |
_2rdacarrier _avolumen _bnc |
||